Murillo (Record no. 4171)
[ view plain ]
| 000 -CABECERA | |
|---|---|
| campo de control de longitud fija | 01048nam a2200265 a 4500 |
| 001 - NÚMERO DE CONTROL | |
| campo de control | BRCA_4465 |
| 005 - FECHA Y HORA DE LA ÚLTIMA TRANSACCIÓN | |
| campo de control | 20190320204659.0 |
| 008 - DATOS DE LONGITUD FIJA--INFORMACIÓN GENERAL | |
| campo de control de longitud fija | 060910s1907----enka######---#000-0#eng-# |
| 041 ## - CÓDIGO DE LENGUA | |
| Código de lengua del texto/banda sonora o título independiente | eng |
| 044 ## - CÓDIGO DEL PAÍS DE LA ENTIDAD EDITORA/PRODUCTORA | |
| Código MARC del país | enk |
| 050 #4 - SIGNATURA TOPOGRÁFICA DE LA BIBLIOTECA DEL CONGRESO | |
| Número de clasificación | DP17 |
| Número de documento/Ítem | .C35 6 |
| -- | 1907 |
| 100 1# - ENTRADA PRINCIPAL--NOMBRE DE PERSONA | |
| Nombre de persona | Calvert, Albert F. |
| Fechas asociadas al nombre | 1872-1946 |
| 9 (RLIN) | 11318 |
| 245 10 - MENCIÓN DE TÍTULO | |
| Título | Murillo |
| Resto del título | A biography and appreciation |
| Mención de responsabilidad, etc. | By Albert F. Calvert. |
| 260 ## - PUBLICACIÓN, DISTRIBUCIÓN, ETC. | |
| Lugar de publicación, distribución, etc. | Londres: Nueva York |
| Nombre del editor, distribuidor, etc. | John Lane, The Bodley Head |
| Fecha de publicación, distribución, etc. | 1907 |
| 300 ## - DESCRIPCIÓN FÍSICA | |
| Extensión | xiii, 186 p. |
| Otras características físicas | il., 165 láminas |
| Dimensiones | 20 cm. |
| 440 #0 - MENCIÓN DE SERIE/PUNTO DE ACCESO ADICIONAL--TÍTULO | |
| Título | The spanish series |
| Designación de volumen o secuencia | 6 |
| 9 (RLIN) | 11319 |
| 500 ## - NOTA GENERAL | |
| Nota general | Incluye índice de ilustraciones |
| 500 ## - NOTA GENERAL | |
| Nota general | Incluye cronología de eventos en la vida de Bartolomé Esteban Murillo y la lista de trabajos de Murillo con una corta descripción de las pinturas y una indicación de donde las obras originales son conservadas |
| 500 ## - NOTA GENERAL | |
| Nota general | Con ex-libris de Setterfield |
| 500 ## - NOTA GENERAL | |
| Nota general | Lámina suelta al principio |
| 500 ## - NOTA GENERAL | |
| Nota general | CEO14 |
| 600 14 - PUNTO DE ACCESO ADICIONAL DE MATERIA--NOMBRE DE PERSONA | |
| Nombre de persona | Murillo, Bartolomé Esteban |
| Fechas asociadas al nombre | 1617-1682 |
| Subdivisión general | Pintores españoles |
| 9 (RLIN) | 11320 |
| 902 ## - CATALOGADOR | |
| Iniciales | GFM |
| 942 ## - ELEMENTOS DE PUNTO DE ACCESO ADICIONAL (KOHA) | |
| Fuente del sistema de clasificación o colocación | Library of Congress Classification |
| Tipo de ítem Koha | Libros |
| Estado de retiro | Estado de pérdida | Estado dañado | No para préstamo | Localización permanente | Ubicación/localización actual | Fecha de adquisición | Número de inventario | Total de préstamos | Signatura topográfica completa | Código de barras | Fecha visto por última vez | Precio válido a partir de | Tipo de ítem Koha |
|---|---|---|---|---|---|---|---|---|---|---|---|---|---|
| El ejemplar forma parte de la colección y puede ser consultado según las políticas vigentes. | Biblioteca del Museo Franz Mayer (Rogerio Casas-Alatriste) | Biblioteca del Museo Franz Mayer (Rogerio Casas-Alatriste) | 06/09/2010 | CEO14 | DP17 .C35 6 1907 (CEO14) | 4462 | 22/03/2019 | 22/03/2019 | Libros |